000 01071 a2200241 4500
005 20080915145918.0
008 080915t xxu||||| |||| 00| 0 hin d
010 _aHIN-80816
020 _a8177111663
_c100.00
035 _aHN-53162
037 _bD.B.Act / pub
082 _a821
100 _aभावसार, वीरबाला
245 _aदोहा रचनावली
_cवीरबाला भावसार
246 _aDoha Rachnavli
_bby virbala Bhavshar
260 _aजयपुर
_bसाहित्यागार
_c2007
300 _a91पृ
_c22 सेमी (सजिल्द)
650 _aहिन्दी कविताएँ
650 _aHindi Pomes
270 _aधामाणी मार्केट की गली,चौड़ा रास्ता
_bजयपुर
942 _adpl
_cHN
_k821 / भावसा
_2ddc
_h821
_mभावसा
999 _c7116
_d7116